01055nam a2200289 a 4500001001200000003000800012006001900020007001500039008004100054020001500095040002100110035002100131050002500152100002000177245006200197260005400259300001900313490002000332533015200352650001300504650003800517655002900555710001700584830002100601856012600622999001700748ebr10018388CaPaEBRm u cr cn|||||||||030212s2002 enka s 000 0 eng d z1841508314 aCaPaEBRcCaPaEBR a(OCoLC)61454432014aTG147.5b.J87 2002eb1 aJupp, Edmund W.10aBridge watchingh[electronic resource] /cEdmund W. Jupp. aBristol, UK ;aPortland, OR :bIntellect,cc2002. a158 p. :bill.1 aWatching series aElectronic reproduction.bPalo Alto, Calif. :cebrary,d2009.nAvailable via World Wide Web.nAccess may be limited to ebrary affiliated libraries. 0aBridges. 0aBridgesxDesign and construction. 7aElectronic books.2local2 aebrary, Inc. 0aWatching series.40uhttp://site.ebrary.com/lib/rucke/Doc?id=10018388zAn electronic book accessible through the World Wide Web; click to view c12479d12479